|
|
|
|
| LEADER |
00000cam a2200000 c 4500 |
| 001 |
146747607 |
| 003 |
DE-627 |
| 005 |
20250606234051.0 |
| 007 |
tu |
| 008 |
940320s1654 ne ||||| 00| ||lat c |
| 026 |
|
|
|e jsr- eme- umt; deju 3 1654R
|2 fei
|5 DE-Ha33
|5 DE-32
|5 DE-39
|5 DE-547
|5 DE-23
|5 DE-27
|5 DE-3
|
| 035 |
|
|
|a (DE-627)146747607
|
| 035 |
|
|
|a (DE-576)9146747605
|
| 035 |
|
|
|a (DE-599)GBV146747607
|
| 035 |
|
|
|a (OCoLC)257536326
|
| 040 |
|
|
|a DE-627
|b ger
|c DE-627
|e rakwb
|
| 041 |
|
|
|a lat
|
| 044 |
|
|
|c XA-NL
|
| 084 |
|
|
|a 1
|2 ssgn
|
| 084 |
|
|
|a 11.74
|2 bkl
|
| 100 |
1 |
|
|0 (DE-588)123901839
|0 (DE-627)085513040
|0 (DE-576)164437096
|4 aut
|a Daillé, Jean
|d 1594-1670
|
| 109 |
|
|
|a Daillé, Jean 1594-1670
|a Dallaeus, Joannes 1594-1670
|a Daillé, John 1594-1670
|a Dalleus, Johann 1594-1670
|a Dallaeus, Jean 1594-1670
|a Dallaeus, Johannes 1594-1670
|a Daillé, Iean 1594-1670
|a Dallaeus, Ioannes 1594-1670
|a Daille, John 1594-1670
|
| 245 |
1 |
0 |
|a Joannis Dallæi De Jejuniis, Et Quadragesima Liber
|c [Vorr.: David Blondellus]
|
| 246 |
1 |
|
|i Ansetzungssachtitel
|a De ieiuniis et quadragesima
|
| 246 |
3 |
3 |
|a De jejuniis et quadragesima
|
| 264 |
|
1 |
|a Daventriae
|b Columbius
|c 1654
|
| 300 |
|
|
|a [8] Bl., 776 S.
|c 8°
|
| 336 |
|
|
|a Text
|b txt
|2 rdacontent
|
| 337 |
|
|
|a ohne Hilfsmittel zu benutzen
|b n
|2 rdamedia
|
| 338 |
|
|
|a Band
|b nc
|2 rdacarrier
|
| 361 |
1 |
|
|5 DE-547
|y 1108924832
|s 03 - T.as. 12° 00323
|o Vorbesitz
|a Bibliotheca Academiae Erffurtensis Boineburgica
|0 (DE-588)1051808715
|0 (DE-627)786829265
|0 (DE-576)40744257X
|
| 361 |
1 |
|
|5 DE-547
|y 1108924832
|s 03 - T.as. 12° 00323
|o Vorbesitz
|a Boineburg, Philipp Wilhelm zu
|0 (DE-588)129476676
|0 (DE-627)460041282
|0 (DE-576)261181858
|f Exlibris
|
| 361 |
1 |
|
|5 DE-547
|y 1108924832
|s 03 - T.as. 12° 00323
|o Vorbesitz
|a Königliche Bibliothek zu Erfurt
|0 (DE-588)5181381-6
|0 (DE-627)214846601
|0 (DE-576)195877446
|f Stempel
|
| 361 |
1 |
|
|5 DE-547
|y 1108924832
|s 03 - T.as. 12° 00323
|o Vorbesitz
|a Stadtbücherei Erfurt
|0 (DE-588)5049278-0
|0 (DE-627)104013087
|0 (DE-576)193674955
|f Stempel
|
| 361 |
1 |
|
|5 DE-547
|y 1108924832
|s 03 - T.as. 12° 00323
|o Vorbesitz
|a 14. F. 15
|f Signatur
|
| 361 |
1 |
|
|5 DE-547
|y 1108924832
|s 03 - T.as. 12° 00323
|o Vorbesitz
|a F.12
|f Signatur
|
| 361 |
1 |
|
|5 DE-32
|y 823236609
|s 19 A 11909
|o Vorbesitz
|a Reiss & Sohn
|0 (DE-588)5127326-3
|0 (DE-627)183883624
|0 (DE-576)195196937
|f Auktionsexemplar
|f Nummer
|
| 361 |
1 |
|
|5 DE-23
|y 3909124496
|s Xd 8° 254
|o Vorbesitz
|a Baudis, Gottfried Leonhard
|0 (DE-588)14030651X
|0 (DE-627)617691568
|0 (DE-576)316352985
|f Exlibris
|f Wappen
|
| 500 |
|
|
|a Vorlageform des Erscheinungsvermerks: Daventriæ, Typis Johannis Columbii. Anno M DC LIV.
|
| 510 |
3 |
|
|a STCN
|
| 652 |
|
|
|a NCA
|
| 689 |
0 |
0 |
|d s
|0 (DE-588)4140275-3
|0 (DE-627)105629073
|0 (DE-576)209701412
|2 gnd
|a Fasten
|
| 689 |
0 |
1 |
|d s
|0 (DE-588)4124068-6
|0 (DE-627)105750468
|0 (DE-576)209565020
|2 gnd
|a Ritus
|
| 689 |
0 |
2 |
|d s
|0 (DE-588)4059758-1
|0 (DE-627)104131446
|0 (DE-576)209132159
|2 gnd
|a Theologie
|
| 689 |
0 |
3 |
|d s
|0 (DE-588)4128506-2
|0 (DE-627)105716871
|0 (DE-576)20960266X
|2 gnd
|a Liturgik
|
| 689 |
0 |
|
|5 (DE-627)
|
| 700 |
1 |
|
|0 (DE-588)129616575
|0 (DE-627)475206681
|0 (DE-576)166273163
|4 oth
|a Blondel, David
|d 1590-1655
|
| 700 |
1 |
|
|0 (DE-588)1037571339
|0 (DE-627)756132975
|0 (DE-576)391571311
|4 prt
|a Colomp, Jan
|
| 751 |
|
|
|a Deventer
|0 (DE-588)4090740-5
|0 (DE-627)106015877
|0 (DE-576)209275030
|4 mfp
|
| 935 |
|
|
|a FRST
|a mteo
|a RFBW
|a FBGO
|
| 935 |
|
|
|e STCN
|
| 936 |
b |
k |
|a 11.74
|j Liturgik
|q ARK
|0 (DE-627)106419714
|
| 951 |
|
|
|a BO
|
| ELC |
|
|
|b 1
|
| LOK |
|
|
|0 000 xxxxxcx a22 zn 4500
|
| LOK |
|
|
|0 001 4361905665
|
| LOK |
|
|
|0 003 DE-627
|
| LOK |
|
|
|0 004 146747607
|
| LOK |
|
|
|0 005 20250203073457
|
| LOK |
|
|
|0 008 230801||||||||||||||||ger|||||||
|
| LOK |
|
|
|0 040
|a DE-Tue135
|c DE-627
|d DE-Tue135
|
| LOK |
|
|
|0 092
|o n
|
| LOK |
|
|
|0 852
|a DE-Tue135
|
| LOK |
|
|
|0 852 1
|9 00
|
| LOK |
|
|
|0 866
|x SPQUE#Bibliothek der Franckeschen Stiftungen#SPSAM#Tholuck-Bibliothek#SPSYS#thol_systematik_XV_C
|
| LOK |
|
|
|0 866
|x SPQUE#Reformationsgeschichtliche Forschungsbibliothek Wittenberg#SPSAM#Predigerseminar#SPUSM#Sammlung Heubner
|
| LOK |
|
|
|0 866
|x SPQUE#Forschungsbibliothek Gotha#SPSAM#Herzogliche Sammlung (Theologie)#SPSYS#03 Theologie
|
| LOK |
|
|
|0 866
|x SPQUE#Forschungsbibliothek Gotha#SPSAM#Bestand Theologie (bis 2024-03)
|
| LOK |
|
|
|0 935
|a FRST
|a thol
|a RFBW
|a bips
|a pssh
|a FBGO
|a gohs
|a goth
|
| LOK |
|
|
|0 936ln
|0 1442052465
|a NCA
|
| LOK |
|
|
|0 939
|a 01-08-23
|b l01
|
| ORI |
|
|
|a SA-MARC-ixtheoa001.raw
|
| STA |
0 |
0 |
|a Fasting,Fasting,Liturgics,Liturgical science,Ritual,Ritual,Rite,Theology,Theology
|
| STB |
0 |
0 |
|a Jeûne,Rite,Rite,Théologie,Théologie,Étude de la liturgie,Science liturgique,Science liturgique
|
| STC |
0 |
0 |
|a Ayuno,Estudios de la liturgia,Rito,Rito,Teología,Teología
|
| STD |
0 |
0 |
|a Digiuno,Rito,Rito,Scienza della liturgia,Teologia,Teologia
|
| STE |
0 |
0 |
|a 宗教仪式,宗教习俗,礼仪学,礼拜仪式学,礼拜学,神学家,禁食
|
| STF |
0 |
0 |
|a 宗教儀式,宗教習俗,神學家,禁食,禮儀學,禮拜儀式學,禮拜學
|
| STG |
0 |
0 |
|a Estudos da liturgia,Jejum,Rito,Rito,Teologia,Teologia
|
| STH |
0 |
0 |
|a Богословие (мотив),Богословие,Литургика,Обряд (мотив),Обряд,Пост,Голодание
|
| STI |
0 |
0 |
|a Θεολογία (μοτίβο),Θεολογία,Λειτουργική,Νηστεία,Τελετή <μοτίβο>,Τελετή,Τελετουργία,Τελετουργία (μοτίβο)
|
| SYG |
0 |
0 |
|a Ritus <Religion>,Riten,Ritual,Riten,Rituale , Christliche Theologie , Liturgiewissenschaft
|